Pledge Practice Quiz 1 Stats

 Plays Quiz not verified by Sporcle

Challenge
Share
Tweet
Embed
Score 0/15 Timer 20:00
0 Plays Today
Hint Answer % Correct
What is our Motto?Be a Leader, Be a Friend, Be of Service
100%
What is the tree?sturdy oak
100%
What is the bird?golden eagle
100%
Who is the founder of Alpha Phi Omega?Frank Reed Horton
85.7%
What is the jewel?diamond
85.7%
What is the flower?forget-me-not
85.7%
What are the Cardinal Principles of Alpha Phi Omega?Leadership, Friendship, Service
71.4%
What are our colors?royal blue and old glory gold
71.4%
Hint Answer % Correct
When were women first allowed in APO?1976
71.4%
Who was the first female national president of APO?Maggie Katz
71.4%
Where was the first chapter of APO founded? (college, city, state)Lafayette College, Easton, Pennsylvania
57.1%
On what date whas APO founded? (mm/dd/yyyy)12|16|1925
57.1%
Who is 'the Chief'?H. Roe Bartle
57.1%
What is the name of the national newsletter?Torch & Trefoil
57.1%
What does APO LEADS stand for?A Personal Odyssey: Launch Explore Achieve Discover Serve
57.1%

You're not logged in!

Compare scores with friends on all Sporcle quizzes.
Join for Free
OR
Log In

You Might Also Like...

Show Comments

Extras

Created Sep 28, 2014ReportNominate
Tags:pledge, practice

Top Quizzes Today


Score Distribution

Your Account Isn't Verified!

In order to create a playlist on Sporcle, you need to verify the email address you used during registration. Go to your Sporcle Settings to finish the process.

Report this User

Report this user for behavior that violates our Community Guidelines.

Details: